Effectif masculin Manchester City saison 2024/2025 - Statistiques

Statistiques générales
  • Ce quiz a été pris 40 fois
    3 depuis la dernière actualisation
  • Le résultat moyen est 15 sur 31
Statistiques - réponses
Poste Joueur % Correct
Ederson
100%
Bernardo Silva
67%
Attaquant Erling Haaland
67%
Ilkay Gündogan
67%
Jérémy Doku
67%
John Stones
67%
Marcus Bettinelli
67%
Matheus Nunes
67%
Nathan Aké
67%
Nico O'Reilly
67%
Omar Marmoush
67%
Entraîneur Pep Guardiola
67%
Ailiers Phil Foden
67%
Rico Lewis
67%
Rodri
67%
Ruben Dias
67%
Abdukodir Khusanov
33%
Claudio Echeverri
33%
Jack Grealish
33%
James McAtee
33%
Josko Gvardiol
33%
Manuel Akanji
33%
Milieux Mateo Kovacic
33%
Nico Gonzalez
33%
Oscar Bobb
33%
Savinho
33%
Gardiens Stefan Ortega
33%
Défenseurs Vitor Reis
33%
Rayan Aït-Nouri
0%
Rayan Cherki
0%
Tijjani Reijnders
0%
Aucun quiz correspondant
Distribution des résultats
% des personnes avec chaque résultat
Percentile par nombre de réponses
Votre historique - résultats
Vous n’avez pas pris ce quiz depuis la dernière actualisation